Revue de droit international et de droit comparé

Enregistré dans:
Détails bibliographiques
Format: Publication en série
Langue:français
Publié: Bruxelles Institut Belge de Droit Comparé 2005
Sujets:
Tags: Ajouter un tag
Pas de tags, Soyez le premier à ajouter un tag!

MARC

LEADER 00000nas2a22000001 4500
001 0089739
005 20090119155450.0
041 0 |a fre 
044 |a BE 
245 1 0 |a Revue de droit international et de droit comparé 
264 1 |a Bruxelles  |b Institut Belge de Droit Comparé  |c 2005 
500 |a Chýba č. 1. 
773 0 |w eu_un_cat*s120272 
610 2 0 |a právo medzinárodné 
610 2 0 |a právo porovnávacie